000 00521nam a2200193Ia 4500
005 20250508152552.0
008 008 250505s9999 xx 000 0 eng d
037 _aTextual
040 _aFEDL
_beng
_cFEDL
041 _aeng
_2eng
084 _a330, STU
_qFEDL
100 _aSturmey S. G.
_9284186
245 0 _aIncome and economic welfare
260 _aLondon, UK
_bLongmans, Green and Co.
_c1959
300 _ax,208p
650 _aEducation
942 _cTEXL
_h330, STU
999 _c1337304
_d1337304